BLACKPINK - Toutes les chansons - Statistiques

Statistiques générales
  • Ce quiz a été pris 655 fois
    348 depuis la dernière actualisation
  • Le résultat moyen est 28 sur 39
Statistiques - réponses
Hint Réponse % Correct
KILL THIS LOVE 1 Kill This Love
94%
DEADLINE 1 JUMP
91%
SQUARE UP 1 DDU-DU DDU-DU
89%
KILL THIS LOVE 5 DDU-DU DDU-DU Remix
89%
SQUARE ONE 2 BOOMBAYAH
88%
THE ALBUM 2 Ice Cream (feat. Selena Gomez)
88%
BORN PINK 1 Pink Venom
87%
THE ALBUM 1 How You Like That
84%
DEADLINE 2 Go
83%
SQUARE ONE 1 WHISTLE
83%
SQUARE TWO 3 WHISTLE - Acoustic ver.
83%
BORN PINK 2 Shut Down
80%
SQUARE TWO 2 STAY
76%
Singles 2017 As If It's Your Last
74%
THE ALBUM 5 Lovesick Girls
73%
SQUARE TWO 1 PLAYING WITH FIRE
73%
DEADLINE 4 Champion
71%
Collaborations 2018 Kiss and Make Up de Dua Lipa
71%
THE ALBUM 3 Pretty Savage
71%
SQUARE UP 2 Forever Young
69%
DEADLINE 3 Me and My
66%
Collaborations 2020 Sour Candy de Lady Gaga
66%
DEADLINE 5 Fxxxboy
64%
BORN PINK 6 The Happiest Girl
64%
BORN PINK 3 Typa Girl
64%
KILL THIS LOVE 3 Kick It
63%
BORN PINK 7 Tally
63%
THE ALBUM 6 Crazy Over You
62%
KILL THIS LOVE 2 Don't Know What to Do
62%
Singles 2023 THE GIRLS (BLACKPINK THE GAME OST)
62%
THE ALBUM 7 Love to Hate Me
61%
THE ALBUM 4 Bet You Wanna (feat. Cardi B)
60%
BORN PINK 5 Hard to Love
57%
BORN PINK 8 Ready For Love
56%
SQUARE UP 3 Really
56%
SQUARE UP 4 See U Later
55%
BORN PINK 4 Yeah Yeah Yeah
55%
KILL THIS LOVE 4 Hope Not
53%
THE ALBUM 8 You Never Know
53%
Aucun quiz correspondant
Distribution des résultats
% des personnes avec chaque résultat
Percentile par nombre de réponses
Votre historique - résultats
Vous n’avez pas pris ce quiz depuis la dernière actualisation